Что читать дальше по истории... [Вып.] 21-22 (Запись № 12757474)

Подробности
000 -МАРКЕР
контрольное поле 02393nam2a2200265 4500
001 - ИДЕНТИФИКАТОР ЗАПИСИ
контрольное поле RU\NLR\BIBL_A\022104570
005 - ИДЕНТИФИКАТОР ВЕРСИИ
контрольное поле 20260406130853.0
035 ## - ДРУГИЕ СИСТЕМНЫЕ НОМЕРА
Идентификатор записи (NLR Aleph) 022104570
100 ## - ДАННЫЕ ОБЩЕЙ ОБРАБОТКИ
Данные общей обработки 20130426d1978 |||y0rusy50 ca
101 0# - ЯЗЫК РЕСУРСА
Язык текста, звукозаписи и т.д. русский
102 ## - СТРАНА ПУБЛИКАЦИИ ИЛИ ПРОИЗВОДСТВА
Страна публикации Российская Федерация
105 ## - ПОЛЕ КОДИРОВАННЫХ ДАННЫХ: ТЕКСТОВЫЕ МАТЕРИАЛЫ, МОНОГРАФИЧЕСКИЕ
Кодированные данные о монографическом текстовом документе y g 010yy
200 0# - ЗАГЛАВИЕ И СВЕДЕНИЯ ОБ ОТВЕТСТВЕННОСТИ
Основное заглавие [Вып.] 21-22
210 ## - ПУБЛИКАЦИЯ, РАСПРОСТРАНЕНИЕ И ДР.
Дата издания, распространения и т.д. 1978
Место издания, распространения и т.д. Б. м.
215 ## - ФИЗИЧЕСКАЯ ХАРАКТЕРИСТИКА
Специфическое обозначение материала и объем [32] с.
320 ## - ПРИМЕЧАНИЯ О НАЛИЧИИ В ДОКУМЕНТЕ БИБЛИОГРАФИИ / УКАЗАТЕЛЯ
Текст примечания Библиогр. в тексте
327 1# - ПРИМЕЧАНИЯ О СОДЕРЖАНИИ
Текст примечания Содерж.: вып. 21: закладки к художественным произведениям Л. Н. Толстого, а также к мемуарной и биографической беллетризированной литературе о нем: посвящен 150-летию со дня рождения Л. Н. Толстого: Севастопольские рассказы; Война и мир; Воскресение / Л. Н. Толстой. Лев Толстой / М. Горький. Воспоминания / Т. Л. Сухотина-Толстая. Лев Толстой / В. Б. Шкловский. Жизнь Толстого / Р. Роллан; вып. 22: закладки к художественной и мемуарной литературе: Авроровцы / А. С. Неволин. Вторая программа / Т. К. Леонтьева. Люди из захолустья / А. Г. Малышкин. Бруски / Ф. И. Панферов. Брестская крепость / С. С. Смирнов. Волоколамское шоссе / А. А. Бек. И это называется будни / В. Ф. Попов
461 #0 - УРОВЕНЬ НАБОРА
Встроенное поле 001RU\NLR\BIBL_A\022099823
-- 2001#$aЧто читать дальше по истории...$eкнижные закладки$fГосударственная публичная историческая библиотека$v[Вып.] 21-22
Системный номер (АБИС) связанной записи 12742975
Место публикации Москва
Дата публикации 1971
Первые сведения об ответственности Государственная публичная историческая библиотека
Имя издателя, распространителя и т.д. Книга
Сведения, относящиеся к заглавию книжные закладки
Заглавие Что читать дальше по истории...
Номер тома [Вып.] 21-22
702 #1 - ИМЯ ЛИЦА - ВТОРИЧНАЯ ОТВЕТСТВЕННОСТЬ
Код отношения Объект посвящения
Графика поля Кириллица
Материалы, к которым относится поле rus
Начальный элемент ввода Толстой
Часть имени, кроме начального элемента ввода Л. Н.
Даты 1828-1910
Расширение инициалов личного имени Лев Николаевич
Системный номер авторитетной/нормативной записи 111537
Идентификатор авторитетной/нормативной записи RU\NLR\AUTH\771515
852 ## - МЕСТОНАХОЖДЕНИЕ И ШИФР ХРАНЕНИЯ
Идентификатор организации NLR
Шифр хранения (Call Number) с401-660/Ч-80
942 ## - ДОПОЛНИТЕЛЬНЫЕ ЭЛЕМЕНТЫ ЗАПИСИ (АБИС)
Тип экземпляра АБИС Книга
980 ## - КОЛЛЕКЦИЯ
Название коллекции Национальная библиография
Экземпляры
Тип экземпляра Дата поступления Библиотека постоянного хранения Библиотека текущего хранения Место хранения Шифр хранения Штрих-код Статус экземпляра
Книга 10.01.2024 РНБ (Московский) РНБ (Московский) Центральная справочная библиотека с401-660/Ч-80 1-4364135